Mathematical methods in the physical sciences (Record no. 3535)

MARC details
000 -LEADER
fixed length control field 00556 a2200217 4500
001 - CONTROL NUMBER
control field 070009
003 - CONTROL NUMBER IDENTIFIER
control field OSt
005 - DATE AND TIME OF LATEST TRANSACTION
control field 20220112101948.0
008 - FIXED-LENGTH DATA ELEMENTS--GENERAL INFORMATION
fixed length control field
020 ## - INTERNATIONAL STANDARD BOOK NUMBER
International Standard Book Number 9788126508105
082 ## - DEWEY DECIMAL CLASSIFICATION NUMBER
Classification number 530.15
Item number B63M
100 1# - MAIN ENTRY--PERSONAL NAME
Personal name Boas, Mary L.
245 1# - TITLE STATEMENT
Title Mathematical methods in the physical sciences
Statement of responsibility, etc by Mary L. Boas
250 ## - EDITION STATEMENT
Edition statement 3rd ed.
260 ## - PUBLICATION, DISTRIBUTION, ETC. (IMPRINT)
Place of publication, distribution, etc New Delhi
Name of publisher, distributor, etc Wiley
Date of publication, distribution, etc 2011, 2015, 2018
300 ## - PHYSICAL DESCRIPTION
Extent xviii, 839p.
653 ## - INDEX TERM--UNCONTROLLED
Uncontrolled term Mathematical physics
653 ## - INDEX TERM--UNCONTROLLED
Uncontrolled term Mathematics
653 ## - INDEX TERM--UNCONTROLLED
Uncontrolled term Physics
942 ## - ADDED ENTRY ELEMENTS (KOHA)
Source of classification or shelving scheme Dewey Decimal Classification
Koha item type Books
Holdings
Withdrawn status Lost status Damaged status Not for loan Collection code Home library Current library Date acquired Source of acquisition Total Checkouts Full call number Barcode Date last seen Date checked out Price effective from Koha item type Cost, normal purchase price
        General Text Book Central University Of Rajasthan Central University Of Rajasthan 20/01/2016 PHY 3 530.15 B63M 25517 16/03/2026 12/02/2026 02/09/2020 Books  
          Central University Of Rajasthan Central University Of Rajasthan 07/03/2012   10 530.15 B63M 4296 23/04/2026 09/04/2026 02/09/2020 Books 579.00
        General Text Book Central University Of Rajasthan Central University Of Rajasthan 15/03/2019 PHY 3 530.15 B63M 32011 21/01/2026 19/01/2026 02/09/2020 Books  
        General Text Book Central University Of Rajasthan Central University Of Rajasthan 15/03/2019 PHY 13 530.15 B63M 32010 17/02/2026 21/01/2026 02/09/2020 Books  
        General Text Book Central University Of Rajasthan Central University Of Rajasthan 20/01/2016 PHY 9 530.15 B63M 25515 05/02/2026 21/01/2026 02/09/2020 Books  
        General Text Book Central University Of Rajasthan Central University Of Rajasthan 20/01/2016 PHY 8 530.15 B63M 25516 27/05/2026 08/05/2026 02/09/2020 Books  
        General Text Book Central University Of Rajasthan Central University Of Rajasthan 15/03/2019 PHY 15 530.15 B63M 32009 03/03/2026 18/02/2026 02/09/2020 Books  
        General Text Book Central University Of Rajasthan Central University Of Rajasthan 15/03/2019 PHY 8 530.15 B63M 32008 20/01/2026 06/01/2026 02/09/2020 Books  
        General Text Book Central University Of Rajasthan Central University Of Rajasthan 20/01/2016 PHY 5 530.15 B63M 25514 06/03/2026 18/02/2026 02/09/2020 Books  
        General Text Book Central University Of Rajasthan Central University Of Rajasthan 15/03/2019 PHY 13 530.15 B63M 32007 16/04/2026 30/03/2026 02/09/2020 Books